00288nam a2200085 a 450000500170000000800410001705000220005824500680008065000540014820140414093847.0100223s19uu xx uuu eng d aCDB 460bESP 2006 aEspanol en marcha 1 :bcurso de Espanol como lengua estranjera. aSpanish languagexstudy and teaching (Secondary).